00971nac a22002651u 4500010001700000020001500017020002200032035002300054082001600077090001500093100003400108245008600142260005400228300003600282440005000318500004200368504005300410511002600463650001900489650003500508650002500543942001800568999001500586952010400601 a 2003268548 a9810249217 a9810249225 (pbk.) a(OCoLC)ocm5150262000a627.98bCHA c8920d8920 aChakrabarti, Subrata K 14aThe theory and practice of hydrodynamics and vibration /cSubrata K. Chakrabarti. aRiver Edge, N.J. :bWorld Scientific,2002cc2002. axviii, 464 p. :bill. ;c24 cm. 0aAdvanced series on ocean engineering ;vv. 20 adistributer: scientific home bookshop aIncludes bibliographical references and indexes. acatalogued by: wessam 0aHydrodynamics. 0aVibration (Marine engineering) 0aOffshore structures. cBBk627.98CHA c8920d8920 00104070aMAINbMAINc1STd2008-03-30ePurchasel0o627.98CHAp000010436r2025-07-15 00:00:00yBB